000 00458nam a2200181Ia 4500
001 20950
005 20260306172843.0
008 260306t2010||||xx |||||||||||||| ||spa||
041 _aESP
082 _a343.8J
_bH82
100 _aHuapaya Garriazo, Pablo José
_eAUT
245 0 _aCriterios jurisprudenciales sobre gastos deducibles
260 _c2010
300 _a63 páginas :
_c24 cm.
650 _aGEN
654 _aCCO
942 _cLIB
_dJUS
_fJUS
_2ddc
_n
999 _c20950
_d20950